000 00632nam a22001937a 4500
003 DO-CoUTE
005 20260520140707.0
008 260520b dr ||||| |||| 00| 0 spa d
040 _aDO-CoUTE
_bspa
_cDO-CoUTE
082 _aRD 863.5C436c
100 1 _aChalas, Alexis Amado
_eAutor
245 1 0 _aCiudad de lodo:
_buna historia de ayer /
_c Amado Alexis Chalas
260 _aSanto Domingo, República Dominicana :
_b Ferilibro,
_c2007
300 _a190 Paginas :
_c22cm,
504 _aIncluye referencia bibliográfica e índice
650 4 _aNovela dominicana
700 1 _aAmado Alexis Chalas
_eAutor
942 _2ddc
_cBK
999 _c24208
_d24208